| 000 | 01029nam a22003737a 4500 | ||
|---|---|---|---|
| 003 | DO-SdBNP | ||
| 005 | 20180219154528.0 | ||
| 008 | 180219b 1993 sp a 00| 0 spa d | ||
| 015 | _a | ||
| 017 |
_a _b |
||
| 020 | _a9788420447926 | ||
| 035 | _a | ||
| 040 |
_a BPMSU _bspa _cBPMSU _e |
||
| 041 | _d | ||
| 082 | 4 |
_axxxx _bxxxx |
|
| 084 |
_a _2 |
||
| 100 | 1 | _aDahl, Roald | |
| 245 | 1 | 0 |
_aMatilda / _c Roald Dahl ; traducción Pedro Barbadillo ; ilustración Quentin Blake |
| 250 | _a2a ed. | ||
| 260 |
_aBarcelona : _bAlfaguara, _c1988. _g(10a reimpresión 1996). |
||
| 300 |
_a 230 p. : _bil. ; _c30 cm. _e |
||
| 336 |
_aMúsica (interpretada) _2isbdcontent |
||
| 337 |
_aaudio _2isbdmedia |
||
| 490 | 1 | _aInfantil . Juvenil | |
| 500 | _a | ||
| 511 | 1 | _a | |
| 650 | 7 |
_aMúsica pop _2embne |
|
| 700 | 1 |
_aBarbadillo, Pedro, _etr. |
|
| 700 | 1 |
_aBlake, Quentin, _eil.l |
|
| 830 | 0 | _aInfantil . Juvenil | |
| 942 |
_2ddc _cBK |
||
| 945 | _aInventariado, 2018 / BT | ||
| 956 |
_aBTAVAREZ _b10 _d20180219 _fBPMSU _h0038 |
||
| 999 |
_c13311 _d13311 |
||